000 00727nam a2200229Ia 4500
003 IT-RoPAU
005 20220918175247.0
008 120407s9999 xx 000 0 und d
040 _aIT-RoPAU
040 _cIT-RoPAU
041 _aita
100 _aSimeone il Nuovo Teologo
_934128
245 _aCatéchèses. (Testo greco-francese)
250 _aParis
260 _aDu Cerf
260 _c1963
300 _c19,5 cm
490 _v1
600 _a"t. 1° n. 1-5. 468 p. (Source Chrétiennes 96). t. 2° n. 6-22 393 p. “ 104. t. 3° n. 23-34 392 p. “ 113. "
_934129
942 _cBK
_2ddc
999 _c105
_d105